00991nam a2200289Ia 450000500170000000800370001702000150005402000180006904100080008708200170009510000230011224501100013525000180024530000580026349000150032150000640033665000440040065000460044470000280049094200120051826400330053033600270056333700330059033800280062304000350065199900150068620220317001839.0170410s2006 a a g 000 0 s04a950241100504a9789502411002 aspa04a649.65bG64s1 aGoldstein, Beatriz10aSexualidadbpadres e hijosbpreguntas probables, respuestas posiblescBeatriz Goldstein y Claudio Glejzer a1a. edición a128 páginasbilustraciones en blanco y negroc21 cm aCrecer hoy aIncluye bibliografía y datos biográficos de los autores142LEMBaSexualidadxEnseñanza elemental142LEMBaSexualidadvAspectos psicológicos1 aGlejzer, Claudio977869 2ddccBK aBuenos AiresbAlbatrosc2006 atextobtxt2rdacontent asin mediaciónbn2rdamedia avolumenbnc2rdacarrier aCO-BoRNBPbspaerdacCO-BoRNBP c8290d8290